National Assembly Library of Thailand

รายงานการศึกษาข้อมูลเชิงวิชาการกรณีปัญหาเหมืองแร่เพื่อกำหนดข้อเสนอเชิงนโยบาย / (ระเบียนเลขที่ 44752)

รายละเอียดในรูปแบบ MARC
000 -LEADER
fixed length control field 02066nam a22002897a 4500
003 - CONTROL NUMBER IDENTIFIER
control field NALT
005 - DATE AND TIME OF LATEST TRANSACTION
control field 20240724233230.0
008 - FIXED-LENGTH DATA ELEMENTS--GENERAL INFORMATION
fixed length control field s2547 th tha d
020 ## - INTERNATIONAL STANDARD BOOK NUMBER
International Standard Book Number 9749225215
040 ## - CATALOGING SOURCE
Original cataloging agency NALT
041 ## - LANGUAGE CODE
Language code of text/sound track or separate title tha
050 ## - LIBRARY OF CONGRESS CALL NUMBER
Classification number TN274
Item number ค123ร 2547
100 0# - MAIN ENTRY--PERSONAL NAME
Personal name คณะอนุกรรมการเพื่อศึกษาและตรวจสอบกรณีปัญหาเหมืองแร่
245 10 - TITLE STATEMENT
Title รายงานการศึกษาข้อมูลเชิงวิชาการกรณีปัญหาเหมืองแร่เพื่อกำหนดข้อเสนอเชิงนโยบาย /
Statement of responsibility, etc. คณะอนุกรรมการเพื่อศึกษาและตรวจสอบกรณีปัญหาเหมืองแร่.
260 ## - PUBLICATION, DISTRIBUTION, ETC.
Place of publication, distribution, etc. กรุงเทพฯ :
Name of publisher, distributor, etc. สำนักงานคณะกรรมการสิทธิมนุษยชนแห่งชาติ,
Date of publication, distribution, etc. 2547
300 ## - PHYSICAL DESCRIPTION
Extent 204 หน้า :
Other physical details ภาพประกอบ, ตาราง, แผนภูมิ, แผนที่ ;
Dimensions 29.5 ซม.
610 ## - SUBJECT ADDED ENTRY--CORPORATE NAME
Corporate name or jurisdiction name as entry element คณะกรรมการสิทธิมนุษยชนแห่งชาติ
650 04 - SUBJECT ADDED ENTRY--TOPICAL TERM
Topical term or geographic name entry element แร่ -- วิจัย
650 04 - SUBJECT ADDED ENTRY--TOPICAL TERM
Topical term or geographic name entry element แหล่งแร่ -- วิจัย
650 04 - SUBJECT ADDED ENTRY--TOPICAL TERM
Topical term or geographic name entry element เหมืองแร่ -- นโยบายของรัฐ -- วิจัย
650 04 - SUBJECT ADDED ENTRY--TOPICAL TERM
Topical term or geographic name entry element เหมืองแร่ -- นโยบายของรัฐ -- วิจัยแหล่งแร่ -- วิจัยแร่ -- วิจัย
700 0# - ADDED ENTRY--PERSONAL NAME
Personal name คณะอนุกรรมการเพื่อศึกษาและตรวจสอบกรณีปัญหาเหมืองแร่
710 1# - ADDED ENTRY--CORPORATE NAME
Corporate name or jurisdiction name as entry element สำนักงานคณะกรรมการสิทธิมนุษยชนแห่งชาติ
850 ## - HOLDING INSTITUTION
Holding institution NALT
942 ## - ADDED ENTRY ELEMENTS (KOHA)
Koha item type Research/Thesis
Source of classification or shelving scheme Library of Congress Classification
998 ## - STAFF NAME (NALT)
-- 111
-- นางสาวพจพิณ พรมเอี่ยม
รายการที่มีในห้องสมุด
Withdrawn status Lost status Damaged status Not for loan Collection code Home library Current library Date acquired Total Checkouts Total Renewals Full call number Barcode Date last seen Date last checked out Price effective from Koha item type
        Research & Theses collection National Assembly Library of Thailand National Assembly Library of Thailand 18/02/2022 7 4 ว TN274 ค123ร 2547 3961155523 27/12/2022 20/12/2022 09/06/2017 Research/Thesis
หอสมุดรัฐสภา
สำนักงานเลขาธิการสภาผู้แทนราษฎร เลขที่ 1111 ถนนสามเสน แขวงถนนนครไชยศรี เขตดุสิต กรุงเทพฯ 10300
The Secretariat of the House of Representatives 1111 Samsen Road, Thanon Nakhon Chai Si, Dusit, Bangkok 10300, THAILAND
โทรศัพท์: +66(0) 2242 5900 ต่อ 5714-5 โทรสาร: +66(0) 2242 5990 อีเมล: [email protected]